000 00727nam a2200241Ia 4500
003 OSt
005 20221005130453.0
006 a|||||r|||| 00| 0
007 ta
008 221004b |||||||| |||| 00| 0 eng d
024 _a29731
037 _cTextual
040 _aCRL
_cCRL
_beng
041 _2eng
_aeng
082 _a14:241:N6, K6
110 _aCouncil of scientific and industrial research ( New Delhi)
245 0 _aResearch potential and science policy of the people's republic of China
_b A bibliography
260 _c1956
650 _aBIBLIOGRAPHY
700 _aCouncil of scientific and industrial research ( New Delhi)
942 _h14:241:N6, K6
_cTEXL
_2cc
999 _c1057359
_d1057359